Monarchie oder Republik? (Multiple Choice) - Statistiken

Allgemein
  • Dieses Quiz wurde 10 mal gespielt
  • Das Durchschnittsergebnis liegt bei 121 aus 193
Antwortstatistiken
Frage Antwort % Korrekt
Ist Brunei eine Monarchie oder Republik? Monarchie
90%
Ist Ägypten eine Monarchie oder Republik? Republik
90%
Ist Albanien eine Monarchie oder Republik? Republik
90%
Ist Argentinien eine Monarchie oder Republik? Republik
90%
Ist Belarus eine Monarchie oder Republik? Republik
90%
Ist Bolivien eine Monarchie oder Republik? Republik
90%
Ist Bosnien und Herzegowina eine Monarchie oder Republik? Republik
90%
Ist Brasilien eine Monarchie oder Republik? Republik
90%
Ist Bulgarien eine Monarchie oder Republik? Republik
90%
Ist Chile eine Monarchie oder Republik? Republik
90%
Ist Costa Rica eine Monarchie oder Republik? Republik
90%
Ist Deutschland eine Monarchie oder Republik? Republik
90%
Ist Bahrain eine Monarchie oder Republik? Monarchie
80%
Ist Belgien eine Monarchie oder Republik? Monarchie
80%
Ist Dänemark eine Monarchie oder Republik? Monarchie
80%
Ist Afghanistan eine Monarchie oder Republik? Republik
80%
Ist Angola eine Monarchie oder Republik? Republik
80%
Ist Äthiopien eine Monarchie oder Republik? Republik
80%
Ist China eine Monarchie oder Republik? Republik
80%
Ist die Demokratische Republik Kongo eine Monarchie oder Republik? Republik
80%
Ist die Dominikanische Republik eine Monarchie oder Republik? Republik
80%
Ist Ecuador eine Monarchie oder Republik? Republik
80%
Ist El Salvador eine Monarchie oder Republik? Republik
80%
Ist Estland eine Monarchie oder Republik? Republik
80%
Ist Frankreich eine Monarchie oder Republik? Republik
80%
Ist Gabun eine Monarchie oder Republik? Republik
80%
Ist Georgien eine Monarchie oder Republik? Republik
80%
Ist Ghana eine Monarchie oder Republik? Republik
80%
Ist Guatemala eine Monarchie oder Republik? Republik
80%
Ist Italien eine Monarchie oder Republik? Republik
80%
Ist Kenia eine Monarchie oder Republik? Republik
80%
Ist Andorra eine Monarchie oder Republik? Monarchie
70%
Ist Bhutan eine Monarchie oder Republik? Monarchie
70%
Ist Jordanien eine Monarchie oder Republik? Monarchie
70%
Ist Thailand eine Monarchie oder Republik? Monarchie
70%
Ist Armenien eine Monarchie oder Republik? Republik
70%
Ist Aserbaidschan eine Monarchie oder Republik? Republik
70%
Ist Barbados eine Monarchie oder Republik? Republik
70%
Ist Benin eine Monarchie oder Republik? Republik
70%
Ist Botswana eine Monarchie oder Republik? Republik
70%
Ist Burkina Faso eine Monarchie oder Republik? Republik
70%
Ist Finnland eine Monarchie oder Republik? Republik
70%
Ist Gambia eine Monarchie oder Republik? Republik
70%
Ist Griechenland eine Monarchie oder Republik? Republik
70%
Ist Guinea eine Monarchie oder Republik? Republik
70%
Ist Honduras eine Monarchie oder Republik? Republik
70%
Ist Indien eine Monarchie oder Republik? Republik
70%
Ist Indonesien eine Monarchie oder Republik? Republik
70%
Ist Irak eine Monarchie oder Republik? Republik
70%
Ist Irland eine Monarchie oder Republik? Republik
70%
Ist Island eine Monarchie oder Republik? Republik
70%
Ist Israel eine Monarchie oder Republik? Republik
70%
Ist Kamerun eine Monarchie oder Republik? Republik
70%
Ist Kap Verde eine Monarchie oder Republik? Republik
70%
Ist Kirgistan eine Monarchie oder Republik? Republik
70%
Ist Kolumbien eine Monarchie oder Republik? Republik
70%
Ist Kosovo eine Monarchie oder Republik? Republik
70%
Ist Kroatien eine Monarchie oder Republik? Republik
70%
Ist Kuba eine Monarchie oder Republik? Republik
70%
Ist Lettland eine Monarchie oder Republik? Republik
70%
Ist Libanon eine Monarchie oder Republik? Republik
70%
Ist Libyen eine Monarchie oder Republik? Republik
70%
Ist Litauen eine Monarchie oder Republik? Republik
70%
Ist Mexiko eine Monarchie oder Republik? Republik
70%
Ist Moldau eine Monarchie oder Republik? Republik
70%
Ist Montenegro eine Monarchie oder Republik? Republik
70%
Ist Mosambik eine Monarchie oder Republik? Republik
70%
Ist Namibia eine Monarchie oder Republik? Republik
70%
Ist Nicaragua eine Monarchie oder Republik? Republik
70%
Ist Niger eine Monarchie oder Republik? Republik
70%
Ist Nigeria eine Monarchie oder Republik? Republik
70%
Ist Nordkorea eine Monarchie oder Republik? Republik
70%
Ist Nordmazedonien eine Monarchie oder Republik? Republik
70%
Ist Österreich eine Monarchie oder Republik? Republik
70%
Ist Panama eine Monarchie oder Republik? Republik
70%
Ist Paraguay eine Monarchie oder Republik? Republik
70%
Ist Peru eine Monarchie oder Republik? Republik
70%
Sind die Philippinen eine Monarchie oder Republik? Republik
70%
Ist Polen eine Monarchie oder Republik? Republik
70%
Ist Portugal eine Monarchie oder Republik? Republik
70%
Ist die Republik Kongo eine Monarchie oder Republik? Republik
70%
Ist Rumänien eine Monarchie oder Republik? Republik
70%
Ist Russland eine Monarchie oder Republik? Republik
70%
Ist die Schweiz eine Monarchie oder Republik? Republik
70%
Ist Senegal eine Monarchie oder Republik? Republik
70%
Ist Serbien eine Monarchie oder Republik? Republik
70%
Ist Simbabwe eine Monarchie oder Republik? Republik
70%
Ist die Slowakei eine Monarchie oder Republik? Republik
70%
Ist Slowenien eine Monarchie oder Republik? Republik
70%
Ist Somalia eine Monarchie oder Republik? Republik
70%
Ist Südafrika eine Monarchie oder Republik? Republik
70%
Ist der Sudan eine Monarchie oder Republik? Republik
70%
Ist Südkorea eine Monarchie oder Republik? Republik
70%
Ist Südsudan eine Monarchie oder Republik? Republik
70%
Ist Tschechien eine Monarchie oder Republik? Republik
70%
Ist die Türkei eine Monarchie oder Republik? Republik
70%
Ist Ukraine eine Monarchie oder Republik? Republik
70%
Ist Ungarn eine Monarchie oder Republik? Republik
70%
Ist Uruguay eine Monarchie oder Republik? Republik
70%
Sind die USA eine Monarchie oder Republik? Republik
70%
Ist Venezuela eine Monarchie oder Republik? Republik
70%
Ist Vietnam eine Monarchie oder Republik? Republik
70%
Ist die Zentralafrikanische Republik eine Monarchie oder Republik? Republik
70%
Ist Japan eine Monarchie oder Republik? Monarchie
60%
Ist Katar eine Monarchie oder Republik? Monarchie
60%
Ist Kuwait eine Monarchie oder Republik? Monarchie
60%
Ist Lesotho eine Monarchie oder Republik? Monarchie
60%
Ist Luxemburg eine Monarchie oder Republik? Monarchie
60%
Ist Monaco eine Monarchie oder Republik? Monarchie
60%
Ist die Niederlande eine Monarchie oder Republik? Monarchie
60%
Ist Norwegen eine Monarchie oder Republik? Monarchie
60%
Ist Oman eine Monarchie oder Republik? Monarchie
60%
Ist Saudi-Arabien eine Monarchie oder Republik? Monarchie
60%
Ist Schweden eine Monarchie oder Republik? Monarchie
60%
Ist Spanien eine Monarchie oder Republik? Monarchie
60%
Sind die Vereinigten Arabische Emirate eine Monarchie oder Republik? Monarchie
60%
Ist Bangladesch eine Monarchie oder Republik? Republik
60%
Ist die Elfenbeinküste eine Monarchie oder Republik? Republik
60%
Ist Eritrea eine Monarchie oder Republik? Republik
60%
Ist Guinea-Bissau eine Monarchie oder Republik? Republik
60%
Ist Guyana eine Monarchie oder Republik? Republik
60%
Ist Haiti eine Monarchie oder Republik? Republik
60%
Ist Iran eine Monarchie oder Republik? Republik
60%
Ist Kasachstan eine Monarchie oder Republik? Republik
60%
Ist Laos eine Monarchie oder Republik? Republik
60%
Ist Liberia eine Monarchie oder Republik? Republik
60%
Ist Madagaskar eine Monarchie oder Republik? Republik
60%
Sind die Malediven eine Monarchie oder Republik? Republik
60%
Ist Mali eine Monarchie oder Republik? Republik
60%
Ist Malta eine Monarchie oder Republik? Republik
60%
Ist Mongolei eine Monarchie oder Republik? Republik
60%
Ist Pakistan eine Monarchie oder Republik? Republik
60%
Ist Sambia eine Monarchie oder Republik? Republik
60%
Ist San Marino eine Monarchie oder Republik? Republik
60%
Ist Sierra Leone eine Monarchie oder Republik? Republik
60%
Ist Singapur eine Monarchie oder Republik? Republik
60%
Ist Suriname eine Monarchie oder Republik? Republik
60%
Ist Tadschikistan eine Monarchie oder Republik? Republik
60%
Ist Tansania eine Monarchie oder Republik? Republik
60%
Ist Trinidad und Tobago eine Monarchie oder Republik? Republik
60%
Ist Tschad eine Monarchie oder Republik? Republik
60%
Ist Tunesien eine Monarchie oder Republik? Republik
60%
Ist Turkmenistan eine Monarchie oder Republik? Republik
60%
Ist Uganda eine Monarchie oder Republik? Republik
60%
Ist Usbekistan eine Monarchie oder Republik? Republik
60%
Ist Zypern eine Monarchie oder Republik? Republik
60%
Ist Antigua und Barbuda eine Monarchie oder Republik? Monarchie
50%
Ist Belize eine Monarchie oder Republik? Monarchie
50%
Ist Liechtenstein eine Monarchie oder Republik? Monarchie
50%
Ist Äquatorialguinea eine Monarchie oder Republik? Republik
50%
Ist Dschibuti eine Monarchie oder Republik? Republik
50%
Ist Fidschi eine Monarchie oder Republik? Republik
50%
Ist Jemen eine Monarchie oder Republik? Republik
50%
Sind die Marshallinseln eine Monarchie oder Republik? Republik
50%
Ist Nauru eine Monarchie oder Republik? Republik
50%
Ist Osttimor eine Monarchie oder Republik? Republik
50%
Ist Palau eine Monarchie oder Republik? Republik
50%
Ist Samoa eine Monarchie oder Republik? Republik
50%
Ist São Tomé und Príncipe eine Monarchie oder Republik? Republik
50%
Ist Sri Lanka eine Monarchie oder Republik? Republik
50%
Ist Taiwan eine Monarchie oder Republik? Republik
50%
Ist Togo eine Monarchie oder Republik? Republik
50%
Ist Bahamas eine Monarchie oder Republik? Monarchie
40%
Ist Eswatini eine Monarchie oder Republik? Monarchie
40%
Ist Kambodscha eine Monarchie oder Republik? Monarchie
40%
Ist Marokko eine Monarchie oder Republik? Monarchie
40%
Sind die Salomonen eine Monarchie oder Republik? Monarchie
40%
Ist St. Kitts und Nevis eine Monarchie oder Republik? Monarchie
40%
Ist St. Lucia eine Monarchie oder Republik? Monarchie
40%
Ist St. Vincent und die Grenadinen eine Monarchie oder Republik? Monarchie
40%
Ist Tuvalu eine Monarchie oder Republik? Monarchie
40%
Ist Burundi eine Monarchie oder Republik? Republik
40%
Ist Kiribati eine Monarchie oder Republik? Republik
40%
Sind die Komoren eine Monarchie oder Republik? Republik
40%
Ist Mauretanien eine Monarchie oder Republik? Republik
40%
Ist Mauritius eine Monarchie oder Republik? Republik
40%
Ist Mikronesien eine Monarchie oder Republik? Republik
40%
Ist Myanmar eine Monarchie oder Republik? Republik
40%
Ist Ruanda eine Monarchie oder Republik? Republik
40%
Sind die Seychellen eine Monarchie oder Republik? Republik
40%
Ist Algerien eine Monarchie oder Republik? Monarchie
30%
Ist Australien eine Monarchie oder Republik? Monarchie
30%
Ist Grenada eine Monarchie oder Republik? Monarchie
30%
Ist Malaysia eine Monarchie oder Republik? Monarchie
30%
Ist Neuseeland eine Monarchie oder Republik? Monarchie
30%
Ist Tonga eine Monarchie oder Republik? Monarchie
30%
Ist Malawi eine Monarchie oder Republik? Republik
30%
Ist Vanuatu eine Monarchie oder Republik? Republik
30%
Ist Jamaika eine Monarchie oder Republik? Monarchie
20%
Ist Kanada eine Monarchie oder Republik? Monarchie
20%
Ist Nepal eine Monarchie oder Republik? Republik
20%
Ist Papua-Neuguinea eine Monarchie oder Republik? Monarchie
10%
Ist Grossbritannien eine Monarchie oder Republik? Republik
10%
Keine übereinstimmenden Quizze gefunden
Verteilung der Resultate
Anzahl Personen mit jedem Resultat
Perzentil nach korrekt beantworteten Fragen
Ihre Resultats-Entwicklung
Sie haben dieses Quiz noch nicht gespielt